La amenaza continúa para un bosque desprotegido
Sábháilte in:
| Formáid: | LEABHAR |
|---|---|
| Teanga: | Spanish |
| Clibeanna: |
Cuir clib leis
Níl clibeanna ann, Bí ar an gcéad duine le clib a chur leis an taifead seo!
|
MARC
| LEADER | 00000nam a22000007a 4500 | ||
|---|---|---|---|
| 003 | cru CIDCACS/IIS | ||
| 005 | 20181108161122.0 | ||
| 007 | ta | ||
| 008 | 181108s1992 ho |||p|r|||||||| ||spa|d | ||
| 999 | |c 41896 |d 41896 | ||
| 040 | |c cru CIDCACS/IIS | ||
| 245 | 3 | |a La amenaza continúa para un bosque desprotegido | |
| 300 | |a páginas 8-9: |b foto | ||
| 773 | 0 | |0 41867 |9 2396 |a Comité para la Defensa de los Derechos Humanos (Honduras) |d Tegucigalpa; Honduras: |o 18128 |t CODEH: | |
| 942 | |2 ddc |c PP | ||
